000 00485nam a2200193Ia 4500
005 20250603145330.0
008 250603s9999 xx 000 0 und d
020 _a9780323074292
050 _aRG 951 .D45/
100 _aEdited by Deitra Leonard Lowdermilk ... et al.
245 0 _aMaternity & women's health care
250 _a10th
260 _aSt. Louis, MO
260 _b Elsevier Mosby
260 _c2012
300 _a1001 p
650 _aSt. Louis, MO
942 _cBK
999 _c41550
_d41550